| 000 | 00499nam a2200169Ia 4500 | ||
|---|---|---|---|
| 999 |
_c1339 _d1339 |
||
| 003 | OSt | ||
| 005 | 20200928120506.0 | ||
| 008 | 190216s9999||||xx |||||||||||||| ||und|| | ||
| 040 | _coclc | ||
| 082 |
_a581.2 _bBIL/T |
||
| 100 |
_aBilgrami, K S _94811 |
||
| 245 | 0 |
_aA Textbook Of Modern Plant Pathology / _cK S Bilgrami ; H C Dube |
|
| 260 |
_bVikas Publishing House, _c1976. _aNew Delhi: |
||
| 300 | _a344p | ||
| 650 | _aBotany | ||
| 942 |
_cBK _2ddc _h581.2 _iBIL/T _k581.2 _mBIL/T |
||